Fifth Generation Pokemon- Sudden Death - Statistics

General Stats
  • This quiz has been taken 17 times
    9 since last reset
  • The average score is 7 of 20
Answers on the Grid
Answers color-coded by a green-red scale on the quiz's grid according to % correct below.
Victini
Swirlix
Meowstic
Audino
Solosis
Sawk
Manectric
Lickitung
Skiddo
Excadrill
Mienfoo
Luxray
Jellicent
Golurk
Dragalge
Dwebble
Tyrunt
Clawitzer
Gogoat
Archen
Klang
Chandelure
Pyroar
Fraxure
Foongus
Abomasnow
Bronzong
Gurdurr
Scolipede
Croagunk
Pawniard
Banette
Pansage
Leavanny
Carnivine
Dusclops
Bouffalant
 
Answer Stats
Answer % Correct
Victini
67%
Audino
50%
Chandelure
50%
Fraxure
50%
Sawk
50%
Archen
33%
Bouffalant
33%
Dwebble
33%
Excadrill
33%
Foongus
33%
Golurk
33%
Jellicent
33%
Klang
33%
Mienfoo
33%
Pawniard
33%
Solosis
33%
Gurdurr
17%
Leavanny
17%
Pansage
17%
Scolipede
17%
No matching quizzes found
Score Distribution
Percent of People with Each Score
Percentile by Number Answered
Your Score History
You have not taken this quiz since the last reset